Eu que não conheci os homens (Record no. 1999)
[ view plain ]
| 000 -Etiqueta do registo | |
|---|---|
| Valores | 00831nam a2200277 4500 |
| 010 ## - Número ISBN | |
| ISBN | 9789897112744 |
| 021 ## - Número do Depósito Legal | |
| Código do país | Portugal |
| Número | 542574/25 |
| 100 ## - Dados gerais de processamento | |
| Dados gerais | 20251121d2025 m||y0pory50030103ba |
| 101 ## - Língua de publicação | |
| Língua | Português |
| 102 ## - País de publicação | |
| País | Portugal |
| 200 ## - Titulo e menção de responsabilidade | |
| Título próprio | Eu que não conheci os homens |
| Primeira menção de responsabilidade | Jacqueline Harpman |
| Outras menções de responsabilidade | trad. Maria de Fátima Carmo |
| 205 ## - Menção da edição | |
| Edição | 1ª edição |
| 210 ## - Publicação | |
| Local de publicação | Porto |
| Nome do editor | Livros do Brasil |
| Data de publicação | 2025 |
| 215 ## - Descrição física | |
| Paginação / Volumes | 202, [5] p. |
| Dimensões | 24 cm |
| 225 ## - Colecção | |
| Título próprio da colecção | Dois mundos |
| 300 ## - Notas gerais | |
| Texto da nota | BMB-Registado |
| 304 ## - Nota relativa ao título | |
| Texto de nota | Tít. orig.: Moi qui n'ai pas connu les hommes |
| 606 ## - Nome comum usado como assunto | |
| ID Autoridade | 2875 |
| Palavra de ordem | Literatura Belga em língua Francesa |
| 606 ## - Nome comum usado como assunto | |
| ID Autoridade | 779 |
| Palavra de ordem | Romance |
| 675 ## - CDU | |
| Notação | 821.133.1(493)-31 |
| Edição | BMB |
| Língua | por |
| 700 ## - Autor principal (pessoa individual) | |
| Apelido | Harpman |
| Nome | Jacqueline |
| Datas | 1929-2012 |
| ID Autoridade | 2876 |
| 702 ## - Autor secundário (pessoa individual) | |
| Apelido | Carmo |
| Nome | Maria de Fátima |
| Função | Tradutor |
| ID Autoridade | 1745 |
| 801 ## - Fonte de origem | |
| País | PT |
| Agência | BMB |
| Regras de catalogação | RPC |
| 990 ## - Elementos KOHA | |
| Tipo de documento | Livro |
| Situação do levantamento | Estado | Número | Biblioteca de origem | Código de barras | Cota | Permissão de empréstimo | Tipo de documento | Forma de aquisição |
|---|---|---|---|---|---|---|---|---|
| 1 | Biblioteca Municipal de Borba | 1949 | 821.133.1(493)-31 HAR / EU | Livro | Compra |